MARC details
| 000 -CABECERA |
| campo de control de longitud fija |
00974nam a2200205 a 4500 |
| 001 - NÚMERO DE CONTROL |
| campo de control |
000039217 |
| 005 - FECHA Y HORA DE LA ÚLTIMA TRANSACCIÓN |
| campo de control |
20201002031540.0 |
| 008 - DATOS DE LONGITUD FIJA--INFORMACIÓN GENERAL |
| campo de control de longitud fija |
130611s1995 dr 000 0 spa d |
| 020 ## - NÚMERO INTERNACIONAL ESTÁNDAR DEL LIBRO |
| Número Internacional Estándar del Libro |
8400045250 |
| 040 ## - FUENTE DE LA CATALOGACIÓN |
| Centro catalogador/agencia de origen |
DO-SdBNP |
| Lengua de catalogación |
spa |
| Centro/agencia transcriptor |
BNPHU |
| 100 1# - ENTRADA PRINCIPAL--NOMBRE DE PERSONA |
| Nombre de persona |
Ognibeni, Bruno |
| 9 (RLIN) |
65415 |
| 245 13 - MENCIÓN DE TÍTULO |
| Título |
La seconda parte del Sefer ʾOklah weʾoklah : |
| Resto del título |
edizione del ms. Halle, Universitátsbibliotek Y b 4⁰ 10, ff. 68-124 / |
| Mención de responsabilidad, etc. |
por Bruno Ognibeni. |
| 246 10 - FORMA VARIANTE DE TÍTULO |
| Título propio/Titulo breve |
Sefer ʾOklah weʾoklah |
| 260 ## - PUBLICACIÓN, DISTRIBUCIÓN, ETC. |
| Lugar de publicación, distribución, etc. |
Madrid : |
| Nombre del editor, distribuidor, etc. |
Instituto de Filología del CSIC, Departamento de Filología Bíblica y de Oriente Antiguo: |
| -- |
Universití de Fribourg, |
| Fecha de publicación, distribución, etc. |
1995. |
| 300 ## - DESCRIPCIÓN FÍSICA |
| Extensión |
LIII,556 [5] p. : |
| Otras características físicas |
facsims. ; |
| Dimensiones |
27 cm. |
| 490 1# - MENCIÓN DE SERIE |
| Mención de serie |
Textos y estudios "Cardenal Cisneros" de la Biblia Poliglota Matritense ; |
| Designación de volumen o secuencia |
57 |
| 546 ## - NOTA DE LENGUA/LENGUAJE |
| Nota de lengua/lenguaje |
Texto en español y hebreo |
| 710 2# - PUNTO DE ACCESO ADICIONAL--NOMBRE DE ENTIDAD CORPORATIVA |
| Nombre de entidad corporativa o nombre de jurisdicción como elemento de entrada |
Consejo Superior de Investigaciones Científicas |
| 9 (RLIN) |
4786 |
| 830 #0 - PUNTO DE ACCESO ADICIONAL DE SERIE-TÍTULO UNIFORME |
| Título uniforme |
Textos y estudios "Cardenal Cisneros" de la Biblia Poliglota Matritense ; |
| Designación de volumen o secuencia |
57 |
| 9 (RLIN) |
15280 |